000 00260nam a2200097Ia 4500
008 200302s9999 xx 000 0 und d
100 _aHugo Quiroga Capovilla
245 _aClassic Furniture Comedores Dining Rooms
260 _bEdiciones Daly S. L.
300 _a80 P.,
999 _c962
_d962